000 00510nam a2200193 a 4500
001 1767860135209
003 YourLibrary
005 20260108150645.0
008 260108s2001##################000#0#eng##
020 _a9780521774758
082 0 4 _a301.078
_bGRI
100 1 _aGrimshaw, Anna,
_eauthor.
245 1 0 _aThe Ethnographer's Eye :
260 _bCambridge University Press,
_c2001.
300 _a246 pages
650 0 _aPerforming Arts.
942 _cENGLISH
040 _aYourLibrary
_beng
_cYourLibrary
999 _c607810
_d607810